000 00510nam a2200205Ia 4500
008 230125s9999 xx 000 0 und d
020 _a0-07-061643-4
041 _aeng
082 _a658.15954
_bKHA
100 _aKhan M Y
_9106291
245 _aIndian Financial System
250 _a5th Ed.
260 _c2007
_bTata Mcgraw Hill
_aNew Delhi
300 _a-
500 _aIndian Financial System
650 _aFinancial Management
700 _aKhan M Y
_9106291
906 _b79
999 _c93221
_d93221